[Event "OOM-D14"]
[Site "?"]
[Date "2016.05.07"]
[Round "9.1"]
[White "Rudzinska, Michalina"]
[Black "Swiech, Joanna"]
[Result "0-1"]
[LiveChessVersion "1.4.6"]
[BlackElo "1939"]
[WhiteElo "1738"]

1. e4 {[%clk 1:30:58]} d5 {[%clk 1:30:53]} 2. exd5 {[%clk 1:31:21]} Qxd5
{[%clk 1:31:14]} 3. Nc3 {[%clk 1:31:44]} Qa5 {[%clk 1:31:29]} 4. d4
{[%clk 1:32:03]} Nf6 {[%clk 1:31:34]} 5. Bd2 {[%clk 1:31:46]} c6 {[%clk 1:30:02]}
6. Ne4 {[%clk 1:31:48]} Qb6 {[%clk 1:29:25]} 7. Nxf6+ {[%clk 1:32:07]} gxf6
{[%clk 1:29:16]} 8. Bc3 {[%clk 1:31:04]} Bf5 {[%clk 1:28:48]} 9. Nf3
{[%clk 1:30:28]} Nd7 {[%clk 1:27:45]} 10. g3 {[%clk 1:24:24]} e6 {[%clk 1:26:59]}
11. Bg2 {[%clk 1:24:01]} O-O-O {[%clk 1:26:07]} 12. O-O {[%clk 1:23:50]} Bg7
{[%clk 1:22:26]} 13. a4 {[%clk 1:19:06]} Bg4 {[%clk 1:18:43]} 14. Qd2
{[%clk 1:17:40]} Qc7 {[%clk 1:16:03]} 15. b4 {[%clk 1:12:46]} f5 {[%clk 1:12:26]}
16. Qe3 {[%clk 1:03:14]} Bxf3 {[%clk 1:11:12]} 17. Bxf3 {[%clk 1:03:15]} h5
{[%clk 1:10:47]} 18. Bb2 {[%clk 0:50:53]} h4 {[%clk 1:10:05]} 19. Bg2
{[%clk 0:42:59]} Rdg8 {[%clk 1:05:55]} 20. f4 {[%clk 0:41:21]} hxg3
{[%clk 0:58:50]} 21. hxg3 {[%clk 0:41:46]} Rh6 {[%clk 0:54:37]} 22. Rf3
{[%clk 0:28:07]} Rg6 {[%clk 0:50:18]} 23. Ra3 {[%clk 0:26:09]} Nb6
{[%clk 0:46:21]} 24. Bf1 {[%clk 0:18:10]} Nd5 {[%clk 0:46:14]} 25. Qd2
{[%clk 0:18:23]} Bf8 {[%clk 0:44:08]} 26. Rab3 {[%clk 0:17:22]} Bd6
{[%clk 0:36:19]} 27. Kf2 {[%clk 0:16:50]} Nf6 {[%clk 0:36:14]} 28. Ke2
{[%clk 0:14:45]} Ne4 {[%clk 0:34:59]} 29. Qe1 {[%clk 0:14:57]} f6
{[%clk 0:32:12]} 30. Kd1 {[%clk 0:12:20]} Qh7 {[%clk 0:31:11]} 31. Bd3
{[%clk 0:10:57]} Rxg3 {[%clk 0:20:24]} 32. Rxg3 {[%clk 0:08:46]} Rxg3
{[%clk 0:20:48]} 33. Bxe4 {[%clk 0:06:26]} Rxb3 {[%clk 0:19:43]} 34. cxb3
{[%clk 0:06:08]} fxe4 {[%clk 0:19:53]} 35. Bc1 {[%clk 0:05:28]} f5
{[%clk 0:18:56]} 36. Be3 {[%clk 0:03:51]} Qh5+ {[%clk 0:18:15]} 37. Kc2
{[%clk 0:02:15]} Qh2+ {[%clk 0:18:37]} 38. Qd2 {[%clk 0:02:01]} Qg3
{[%clk 0:17:49]} 39. Kb2 {[%clk 0:01:54]} Kd7 {[%clk 0:17:39]} 40. a5
{[%clk 0:01:10]} Qf3 {[%clk 0:17:11]} 41. Ka3 {[%clk 0:01:01]} Qf1
{[%clk 0:17:31]} 42. Kb2 {[%clk 0:01:01]} Qb5 {[%clk 0:17:52]} 43. Qg2
{[%clk 0:00:40]} Qxb4 {[%clk 0:18:05]} 44. Kc2 {[%clk 0:00:32]} Qxa5
{[%clk 0:18:14]} 45. Qg7+ {[%clk 0:00:42]} Be7 {[%clk 0:18:38]} 46. Bd2
{[%clk 0:00:52]} Qb5 {[%clk 0:18:40]} 47. Bc3 {[%clk 0:00:34]} b6
{[%clk 0:17:18]} 48. Kb2 {[%clk 0:00:32]} e3 {[%clk 0:17:12]} 49. Qg2
{[%clk 0:00:38]} Qd5 {[%clk 0:15:46]} 50. Qe2 {[%clk 0:00:51]} Qe4
{[%clk 0:15:56]} 51. Qa6 {[%clk 0:00:46]} Qxf4 {[%clk 0:13:34]} 52. Qxa7+
{[%clk 0:01:08]} Qc7 {[%clk 0:13:58]} 53. Qa6 {[%clk 0:01:20]} f4
{[%clk 0:13:49]} 54. Qd3 {[%clk 0:01:15]} Qa7 {[%clk 0:13:17]} 55. Qe4
{[%clk 0:01:01]} Qa3+ {[%clk 0:13:34]} 56. Kc2 {[%clk 0:01:24]} Qa2+
{[%clk 0:13:38]} 57. Kc1 {[%clk 0:00:53]} Ba3+ {[%clk 0:11:42]} 58. Kd1
{[%clk 0:01:18]} Qxb3+ {[%clk 0:11:17]} 59. Qc2 {[%clk 0:00:32]} Qxc2+
{[%clk 0:11:36]} 60. Kxc2 {[%clk 0:00:56]} f3 {[%clk 0:10:59]} 61. Kd3
{[%clk 0:01:05]} f2 {[%clk 0:11:16]} 62. Ke2 {[%clk 0:01:23]} b5 {[%clk 0:11:06]}
0-1

[Event "OOM-D14"]
[Site "?"]
[Date "2016.05.07"]
[Round "9.2"]
[White "Waszczuk, Patrycja"]
[Black "Kucharska, Honorata"]
[Result "1-0"]
[LiveChessVersion "1.4.6"]
[BlackElo "1857"]
[WhiteElo "1770"]

1. d4 {[%clk 1:27:24]} Nf6 {[%clk 1:30:44]} 2. c4 {[%clk 1:27:16]} d6
{[%clk 1:30:22]} 3. Nc3 {[%clk 1:26:23]} Nbd7 {[%clk 1:30:41]} 4. Nf3
{[%clk 1:25:25]} e5 {[%clk 1:29:00]} 5. e3 {[%clk 1:23:36]} Be7 {[%clk 1:26:02]}
6. Be2 {[%clk 1:22:48]} O-O {[%clk 1:25:59]} 7. O-O {[%clk 1:22:56]} b6
{[%clk 1:23:06]} 8. b3 {[%clk 1:20:29]} Bb7 {[%clk 1:23:19]} 9. d5
{[%clk 1:20:03]} Ne8 {[%clk 1:21:56]} 10. e4 {[%clk 1:17:55]} g6 {[%clk 1:20:15]}
11. a4 {[%clk 1:10:13]} a5 {[%clk 1:19:34]} 12. Be3 {[%clk 1:10:01]} Ng7
{[%clk 1:19:33]} 13. Bd3 {[%clk 1:08:21]} Nc5 {[%clk 1:16:50]} 14. Bxc5
{[%clk 1:08:42]} bxc5 {[%clk 1:17:15]} 15. Bc2 {[%clk 1:07:04]} Bc8
{[%clk 1:16:15]} 16. Nb5 {[%clk 1:05:23]} Bg4 {[%clk 1:11:38]} 17. h3
{[%clk 1:05:28]} Bd7 {[%clk 1:11:36]} 18. Kh2 {[%clk 1:00:53]} f5
{[%clk 1:07:28]} 19. exf5 {[%clk 0:59:19]} Bxf5 {[%clk 1:07:44]} 20. Bxf5
{[%clk 0:57:16]} Rxf5 {[%clk 1:07:26]} 21. Nd2 {[%clk 0:54:48]} Rf4
{[%clk 0:58:08]} 22. g3 {[%clk 0:53:14]} Rf7 {[%clk 0:57:36]} 23. Ne4
{[%clk 0:52:13]} Nf5 {[%clk 0:55:37]} 24. Qd2 {[%clk 0:50:24]} Qd7
{[%clk 0:46:24]} 25. f4 {[%clk 0:45:37]} exf4 {[%clk 0:41:26]} 26. Rxf4
{[%clk 0:45:28]} Raf8 {[%clk 0:39:22]} 27. Raf1 {[%clk 0:43:21]} Nh6
{[%clk 0:37:45]} 28. Rxf7 {[%clk 0:42:13]} Rxf7 {[%clk 0:38:05]} 29. Rxf7
{[%clk 0:41:05]} Nxf7 {[%clk 0:38:31]} 30. Qxa5 {[%clk 0:34:08]} Qf5
{[%clk 0:38:50]} 31. Qe1 {[%clk 0:34:26]} Ne5 {[%clk 0:38:57]} 32. Qe2
{[%clk 0:34:20]} h5 {[%clk 0:35:29]} 33. Kg2 {[%clk 0:30:05]} h4 {[%clk 0:29:43]}
34. g4 {[%clk 0:29:44]} Qf4 {[%clk 0:29:33]} 35. Nxc7 {[%clk 0:22:10]} Qc1
{[%clk 0:28:15]} 36. Ne8 {[%clk 0:21:56]} Qb1 {[%clk 0:26:51]} 37. N4xd6
{[%clk 0:20:48]} Qxb3 {[%clk 0:26:53]} 38. Qxe5 {[%clk 0:20:23]} Qc2+
{[%clk 0:27:18]} 39. Kf3 {[%clk 0:15:23]} Qd3+ {[%clk 0:25:27]} 40. Qe3
{[%clk 0:13:41]} Qf1+ {[%clk 0:25:25]} 41. Ke4 {[%clk 0:13:23]} Qg2+
{[%clk 0:22:12]} 42. Qf3 {[%clk 0:12:05]} Qc2+ {[%clk 0:21:59]} 43. Ke5
{[%clk 0:12:27]} Qb2+ {[%clk 0:21:44]} 44. Ke6 {[%clk 0:12:52]} Bxd6
{[%clk 0:21:57]} 45. Nxd6 {[%clk 0:13:12]} g5 {[%clk 0:22:05]} 46. Qf7+
{[%clk 0:13:36]} Kh8 {[%clk 0:22:30]} 47. Qf6+ {[%clk 0:13:55]} 1-0

[Event "OOM-D14"]
[Site "?"]
[Date "2016.05.07"]
[Round "9.3"]
[White "Harazinska, Magdalena"]
[Black "Kalinowska, Zuzanna"]
[Result "1-0"]
[LiveChessVersion "1.4.6"]
[BlackElo "1901"]
[WhiteElo "1805"]

1. d4 {[%clk 1:30:59]} e6 {[%clk 1:30:53]} 2. c4 {[%clk 1:31:10]} Nf6
{[%clk 1:31:14]} 3. Nf3 {[%clk 1:31:13]} b6 {[%clk 1:31:26]} 4. g3
{[%clk 1:31:31]} Bb7 {[%clk 1:31:46]} 5. Bg2 {[%clk 1:31:55]} Bb4+
{[%clk 1:32:08]} 6. Nbd2 {[%clk 1:30:19]} O-O {[%clk 1:28:49]} 7. O-O
{[%clk 1:30:39]} d5 {[%clk 1:25:31]} 8. cxd5 {[%clk 1:28:25]} Bxd5
{[%clk 1:24:53]} 9. a3 {[%clk 1:27:27]} Be7 10. Qc2 {[%clk 1:22:54]} h6
{[%clk 1:16:37]} 11. e4 {[%clk 1:09:44]} Bb7 {[%clk 1:16:46]} 12. e5
{[%clk 1:04:19]} Nd5 {[%clk 1:15:24]} 13. Ne4 {[%clk 1:04:24]} Nd7
{[%clk 1:13:37]} 14. Be3 {[%clk 0:54:04]} Rc8 {[%clk 1:10:45]} 15. Qd3
{[%clk 0:44:46]} c5 {[%clk 1:02:35]} 16. b3 {[%clk 0:39:57]} Qc7 {[%clk 0:52:12]}
17. dxc5 {[%clk 0:31:30]} Nxc5 {[%clk 0:44:28]} 18. Bxc5 {[%clk 0:28:11]} bxc5
{[%clk 0:37:03]} 19. Rac1 {[%clk 0:23:23]} Rfd8 {[%clk 0:35:41]} 20. Qc2
{[%clk 0:23:06]} Qa5 {[%clk 0:32:36]} 21. Nfd2 {[%clk 0:19:59]} Ba6
{[%clk 0:26:09]} 22. Rfd1 {[%clk 0:18:15]} Nb6 {[%clk 0:21:55]} 23. Nc4
{[%clk 0:17:10]} Bxc4 {[%clk 0:21:59]} 24. bxc4 {[%clk 0:17:39]} Rxd1+
{[%clk 0:20:58]} 25. Rxd1 {[%clk 0:17:35]} Qxa3 {[%clk 0:20:30]} 26. Nd6
{[%clk 0:16:35]} Rd8 {[%clk 0:18:59]} 27. Nb5 {[%clk 0:13:06]} Rxd1+
{[%clk 0:17:19]} 28. Qxd1 {[%clk 0:13:34]} Qa2 {[%clk 0:17:43]} 29. Bf1
{[%clk 0:12:47]} a5 {[%clk 0:13:06]} 30. Nd6 {[%clk 0:09:34]} Qa3
{[%clk 0:05:17]} 31. Qb1 {[%clk 0:06:08]} Qb4 {[%clk 0:03:58]} 32. Qe4
{[%clk 0:05:29]} Nd7 {[%clk 0:02:05]} 33. Bd3 {[%clk 0:04:09]} Nf8
{[%clk 0:01:54]} 34. Qc6 {[%clk 0:03:30]} Qe1+ {[%clk 0:02:02]} 35. Kg2
{[%clk 0:03:25]} Qxe5 {[%clk 0:02:16]} 36. Nc8 {[%clk 0:03:36]} Bf6
{[%clk 0:02:16]} 37. Qa8 {[%clk 0:02:07]} Qd4 {[%clk 0:01:33]} 38. Bf1
{[%clk 0:02:11]} Bd8 {[%clk 0:01:32]} 39. Na7 {[%clk 0:02:29]} Bc7
{[%clk 0:00:50]} 40. Nb5 {[%clk 0:02:45]} Qd8 {[%clk 0:01:08]} 41. Qc6
{[%clk 0:02:54]} Bb6 {[%clk 0:01:30]} 42. Qf3 {[%clk 0:02:29]} Ng6
{[%clk 0:01:34]} 43. Qe4 {[%clk 0:02:34]} Qd7 {[%clk 0:01:18]} 44. h4
{[%clk 0:01:37]} Ne7 {[%clk 0:01:15]} 45. Kh2 {[%clk 0:01:54]} f5
{[%clk 0:01:00]} 46. Qa8+ {[%clk 0:02:17]} Kf7 {[%clk 0:01:01]} 47. Qf3
{[%clk 0:02:21]} Ng6 {[%clk 0:00:52]} 48. Qe3 {[%clk 0:02:20]} e5
{[%clk 0:01:01]} 49. h5 {[%clk 0:02:38]} Ne7 {[%clk 0:00:46]} 50. Qxe5
{[%clk 0:03:07]} Qe6 {[%clk 0:01:10]} 51. Nd6+ {[%clk 0:03:29]} 1-0

[Event "OOM-D14"]
[Site "?"]
[Date "2016.05.07"]
[Round "9.4"]
[White "Jarocka, Liwia"]
[Black "Kulpa, Zuzanna"]
[Result "0-1"]
[LiveChessVersion "1.4.6"]
[BlackElo "1654"]
[WhiteElo "1667"]

1. e4 {[%clk 1:30:58]} e5 {[%clk 1:30:51]} 2. Nf3 {[%clk 1:31:22]} Nc6
{[%clk 1:31:07]} 3. Bb5 {[%clk 1:31:49]} a6 {[%clk 1:31:16]} 4. Ba4
{[%clk 1:32:14]} Nf6 {[%clk 1:31:23]} 5. O-O {[%clk 1:32:39]} Be7
{[%clk 1:31:19]} 6. Re1 {[%clk 1:33:04]} b5 {[%clk 1:31:31]} 7. Bb3
{[%clk 1:33:31]} O-O {[%clk 1:31:41]} 8. d4 {[%clk 1:33:16]} d6 {[%clk 1:24:48]}
9. c3 {[%clk 1:32:58]} Bg4 {[%clk 1:24:45]} 10. Be3 {[%clk 1:33:05]} Qd7
{[%clk 1:17:34]} 11. Nbd2 {[%clk 1:22:29]} exd4 {[%clk 1:15:45]} 12. cxd4
{[%clk 1:22:32]} Na5 {[%clk 1:14:27]} 13. Bc2 {[%clk 1:22:30]} c5
{[%clk 1:14:28]} 14. Nf1 {[%clk 1:18:02]} Nc4 {[%clk 1:12:38]} 15. Bc1
{[%clk 1:16:48]} cxd4 {[%clk 1:08:23]} 16. b3 {[%clk 1:17:12]} Ne5
{[%clk 1:08:27]} 17. Bb2 {[%clk 1:15:16]} Bxf3 {[%clk 1:04:00]} 18. gxf3
{[%clk 1:15:41]} Qh3 {[%clk 1:02:53]} 19. Ng3 {[%clk 1:15:48]} Nh5
{[%clk 1:01:20]} 20. Bd3 {[%clk 1:06:38]} Nf4 {[%clk 0:52:33]} 21. Bf1
{[%clk 1:06:58]} Qh4 {[%clk 0:51:50]} 22. Bxd4 {[%clk 1:04:30]} Bf6
{[%clk 0:47:21]} 23. a4 {[%clk 0:59:31]} Qg5 {[%clk 0:43:37]} 24. Kh1
{[%clk 0:53:11]} h5 {[%clk 0:41:54]} 25. Re3 {[%clk 0:46:46]} h4 {[%clk 0:38:01]}
26. Ne2 {[%clk 0:46:02]} Ne6 {[%clk 0:34:54]} 27. Bh3 {[%clk 0:41:52]} Nf4
{[%clk 0:31:35]} 28. Bg4 {[%clk 0:32:26]} Nxe2 {[%clk 0:28:02]} 29. Rxe2
{[%clk 0:32:29]} Nxg4 {[%clk 0:24:36]} 30. fxg4 {[%clk 0:32:49]} Qxg4
{[%clk 0:24:19]} 31. Re1 {[%clk 0:27:18]} Qg6 {[%clk 0:21:44]} 32. Bxf6
{[%clk 0:26:47]} Qxf6 {[%clk 0:22:08]} 33. Qe2 {[%clk 0:26:49]} Rac8
{[%clk 0:19:55]} 34. axb5 {[%clk 0:26:30]} axb5 {[%clk 0:20:19]} 35. Ra6
{[%clk 0:25:54]} Rc3 {[%clk 0:17:04]} 36. Rd1 {[%clk 0:24:42]} Qf4
{[%clk 0:13:45]} 37. Raxd6 {[%clk 0:20:12]} Rh3 {[%clk 0:14:07]} 38. f3
{[%clk 0:19:52]} Rxf3 {[%clk 0:13:49]} 39. R6d2 {[%clk 0:18:23]} Re3
{[%clk 0:12:27]} 40. Qxb5 {[%clk 0:14:25]} Qxe4+ {[%clk 0:12:50]} 41. Kg1
{[%clk 0:14:08]} Re1+ {[%clk 0:11:29]} 42. Kf2 {[%clk 0:13:43]} Qe3+
{[%clk 0:11:49]} 43. Kg2 {[%clk 0:14:09]} h3# 0-1

[Event "OOM-D14"]
[Site "?"]
[Date "2016.05.07"]
[Round "9.5"]
[White "Moscicka, Pola"]
[Black "Furtak, Joanna"]
[Result "1-0"]
[LiveChessVersion "1.4.6"]
[BlackElo "1701"]
[WhiteElo "1838"]

1. d4 {[%clk 1:30:56]} Nf6 {[%clk 1:30:56]} 2. c4 {[%clk 1:31:20]} e5
{[%clk 1:31:23]} 3. dxe5 {[%clk 1:31:38]} Ng4 {[%clk 1:31:47]} 4. e3
{[%clk 1:31:40]} Nxe5 {[%clk 1:31:48]} 5. Nh3 {[%clk 1:31:46]} Nbc6
{[%clk 1:29:37]} 6. Nf4 {[%clk 1:29:59]} Bc5 {[%clk 1:22:38]} 7. Nc3
{[%clk 1:28:42]} d6 {[%clk 1:21:28]} 8. Be2 {[%clk 1:26:39]} Be6 {[%clk 1:15:45]}
9. Nfd5 {[%clk 1:22:45]} Nb4 {[%clk 1:07:43]} 10. Nxb4 {[%clk 1:13:32]} Bxb4
{[%clk 1:08:02]} 11. Qa4+ {[%clk 1:13:14]} Nc6 {[%clk 1:08:00]} 12. Bd2
{[%clk 1:11:56]} O-O {[%clk 1:02:29]} 13. O-O {[%clk 1:04:25]} a5
{[%clk 0:53:57]} 14. a3 {[%clk 1:01:07]} Bxc3 {[%clk 0:50:29]} 15. Bxc3
{[%clk 1:00:29]} Qd7 {[%clk 0:50:16]} 16. Qc2 {[%clk 0:56:09]} f5
{[%clk 0:45:44]} 17. Rfd1 {[%clk 0:49:53]} Qf7 {[%clk 0:43:45]} 18. b3
{[%clk 0:47:01]} Ne5 {[%clk 0:41:22]} 19. Qb2 {[%clk 0:43:47]} Nd7
{[%clk 0:36:19]} 20. Bf3 {[%clk 0:41:33]} Nc5 {[%clk 0:35:55]} 21. Bd5
{[%clk 0:38:47]} Bxd5 {[%clk 0:31:28]} 22. Rxd5 {[%clk 0:38:35]} b6
{[%clk 0:31:05]} 23. f3 {[%clk 0:35:17]} Rfe8 {[%clk 0:29:51]} 24. Re1
{[%clk 0:33:14]} Re7 {[%clk 0:25:31]} 25. Qc2 {[%clk 0:32:17]} g6
{[%clk 0:24:40]} 26. b4 {[%clk 0:30:11]} axb4 {[%clk 0:23:54]} 27. axb4
{[%clk 0:30:05]} Nd7 {[%clk 0:23:07]} 28. Qb2 {[%clk 0:28:12]} Ne5
{[%clk 0:21:42]} 29. Bxe5 {[%clk 0:26:31]} Rxe5 {[%clk 0:21:06]} 30. Rxe5
{[%clk 0:25:12]} dxe5 {[%clk 0:21:31]} 31. Rc1 {[%clk 0:23:52]} Qe7
{[%clk 0:18:49]} 32. c5 {[%clk 0:21:59]} bxc5 {[%clk 0:16:12]} 33. Rxc5
{[%clk 0:21:35]} Rb8 {[%clk 0:14:41]} 34. Qc3 {[%clk 0:16:48]} Rb7
{[%clk 0:13:19]} 35. b5 {[%clk 0:15:26]} Qd7 {[%clk 0:08:08]} 36. Rxe5
{[%clk 0:14:25]} Rxb5 {[%clk 0:07:43]} 37. Qc4+ {[%clk 0:14:10]} Kg7
{[%clk 0:07:28]} 38. Qxb5 {[%clk 0:14:01]} Qd1+ {[%clk 0:07:49]} 39. Qf1
{[%clk 0:14:03]} 1-0

[Event "OOM-D14"]
[Site "?"]
[Date "2016.05.07"]
[Round "9.6"]
[White "Malicka, Maria"]
[Black "Raczykowska, Paulina"]
[Result "1-0"]
[LiveChessVersion "1.4.6"]
[BlackElo "1737"]
[WhiteElo "1715"]

1. d4 {[%clk 1:30:51]} d5 {[%clk 1:30:55]} 2. c4 {[%clk 1:31:13]} e6
{[%clk 1:31:21]} 3. Nc3 {[%clk 1:31:40]} Nf6 {[%clk 1:31:44]} 4. Bg5
{[%clk 1:32:07]} Be7 {[%clk 1:32:08]} 5. cxd5 {[%clk 1:32:21]} Nxd5
{[%clk 1:32:05]} 6. Bxe7 {[%clk 1:32:01]} Qxe7 {[%clk 1:32:27]} 7. e4
{[%clk 1:29:03]} Nxc3 {[%clk 1:27:54]} 8. bxc3 {[%clk 1:29:29]} O-O
{[%clk 1:25:55]} 9. Nf3 {[%clk 1:29:05]} b6 {[%clk 1:25:27]} 10. Bd3
{[%clk 1:29:15]} Nd7 {[%clk 1:23:32]} 11. O-O {[%clk 1:29:03]} e5
{[%clk 1:21:34]} 12. Bb5 {[%clk 1:22:48]} f6 {[%clk 1:15:30]} 13. Qb3+
{[%clk 1:06:55]} Kh8 {[%clk 1:14:48]} 14. Qd5 {[%clk 1:03:29]} Rb8
{[%clk 1:12:07]} 15. Rfd1 {[%clk 0:55:38]} Rd8 {[%clk 1:04:41]} 16. Qc4
{[%clk 0:46:52]} Bb7 {[%clk 0:46:55]} 17. Qxc7 {[%clk 0:37:09]} Bxe4
{[%clk 0:45:01]} 18. dxe5 {[%clk 0:29:56]} Bf5 {[%clk 0:16:01]} 19. exf6
{[%clk 0:27:17]} gxf6 {[%clk 0:15:51]} 20. Nd4 {[%clk 0:22:10]} Qc5
{[%clk 0:10:04]} 21. Qxc5 {[%clk 0:16:13]} bxc5 {[%clk 0:10:19]} 22. Nc6
{[%clk 0:13:33]} Rxb5 {[%clk 0:09:20]} 23. Nxd8 {[%clk 0:14:01]} Rb8
{[%clk 0:08:20]} 24. Nf7+ {[%clk 0:13:55]} Kg7 {[%clk 0:08:35]} 25. Nd6
{[%clk 0:14:22]} Bg6 {[%clk 0:08:12]} 26. Nc4 {[%clk 0:14:14]} Nb6
{[%clk 0:07:09]} 27. Nxb6 {[%clk 0:14:19]} axb6 {[%clk 0:07:28]} 28. Rd7+
{[%clk 0:14:42]} Kh6 {[%clk 0:07:37]} 29. f3 {[%clk 0:13:06]} c4 {[%clk 0:07:40]}
30. Rd6 {[%clk 0:11:38]} Kg7 {[%clk 0:07:45]} 31. Re1 {[%clk 0:08:24]} Bd3
{[%clk 0:06:11]} 32. Ree6 {[%clk 0:04:51]} b5 {[%clk 0:05:53]} 33. Rxf6
{[%clk 0:03:55]} b4 {[%clk 0:05:39]} 34. cxb4 {[%clk 0:04:11]} Rxb4
{[%clk 0:06:00]} 35. Rb6 {[%clk 0:02:57]} Ra4 {[%clk 0:04:21]} 36. Rfc6
{[%clk 0:03:09]} Bg6 {[%clk 0:03:58]} 37. Rc7+ {[%clk 0:03:01]} Kh6
{[%clk 0:04:17]} 38. Rbc6 {[%clk 0:03:00]} Rxa2 {[%clk 0:04:06]} 39. Rxc4
{[%clk 0:03:23]} Rb2 {[%clk 0:04:19]} 40. Rd4 {[%clk 0:02:58]} Ra2
{[%clk 0:04:11]} 41. Rcd7 {[%clk 0:03:06]} Bf5 {[%clk 0:03:45]} 42. R7d5
{[%clk 0:03:03]} Bg6 {[%clk 0:04:02]} 43. Rd2 {[%clk 0:03:16]} Ra3
{[%clk 0:04:14]} 44. Kf2 {[%clk 0:03:35]} Rc3 {[%clk 0:03:47]} 45. Kg3
{[%clk 0:03:48]} Ra3 {[%clk 0:03:50]} 46. Kf4 {[%clk 0:04:03]} Ra6
{[%clk 0:02:40]} 47. h4 {[%clk 0:03:16]} Rb6 {[%clk 0:02:46]} 48. g4
{[%clk 0:03:34]} Ra6 {[%clk 0:02:36]} 49. Rd6 {[%clk 0:03:40]} 1-0

[Event "OOM-D14"]
[Site "?"]
[Date "2016.05.07"]
[Round "9.7"]
[White "Budkiewicz, Magdalena"]
[Black "Hryn, Zofia"]
[Result "1-0"]
[LiveChessVersion "1.4.6"]
[BlackElo "1531"]
[WhiteElo "1495"]

1. e4 {[%clk 1:30:57]} e5 {[%clk 1:30:53]} 2. Nf3 {[%clk 1:31:09]} Nc6
{[%clk 1:31:17]} 3. Bb5 {[%clk 1:31:01]} a6 {[%clk 1:24:14]} 4. Ba4
{[%clk 1:30:09]} b5 {[%clk 1:24:32]} 5. Bb3 {[%clk 1:30:18]} Nf6 {[%clk 1:21:59]}
6. O-O {[%clk 1:28:58]} Bb7 {[%clk 1:17:43]} 7. d3 {[%clk 1:26:07]} Be7
{[%clk 1:15:57]} 8. Nc3 {[%clk 1:23:24]} d6 {[%clk 1:14:19]} 9. a3
{[%clk 1:20:46]} O-O {[%clk 1:10:36]} 10. Nd5 {[%clk 1:18:49]} Na5
{[%clk 1:05:46]} 11. Nxe7+ {[%clk 1:18:16]} Qxe7 {[%clk 1:05:26]} 12. Ba2
{[%clk 1:18:21]} c5 {[%clk 1:01:20]} 13. Bg5 {[%clk 1:16:12]} h6 {[%clk 1:00:38]}
14. Bh4 {[%clk 1:16:21]} g5 {[%clk 0:58:02]} 15. Nxg5 {[%clk 1:05:25]} hxg5
{[%clk 0:57:03]} 16. Bxg5 {[%clk 1:05:47]} Kg7 {[%clk 0:53:17]} 17. f4
{[%clk 1:05:07]} Qd7 {[%clk 0:30:09]} 18. fxe5 {[%clk 1:02:23]} Nh7
{[%clk 0:30:33]} 19. Bf6+ {[%clk 1:02:05]} Nxf6 {[%clk 0:21:58]} 20. exf6+
{[%clk 1:01:51]} Kg6 {[%clk 0:12:39]} 21. Rf5 {[%clk 1:01:06]} Qxf5 22. exf5+
{[%clk 1:01:25]} Kxf5 {[%clk 0:10:24]} 23. Qh5+ {[%clk 1:01:03]} Kf4
{[%clk 0:10:17]} 24. g3+ {[%clk 1:01:04]} Ke3 {[%clk 0:10:38]} 25. Re1+
{[%clk 1:01:26]} Kd4 {[%clk 0:10:47]} 26. Qg4+ {[%clk 1:01:48]} Be4
{[%clk 0:10:56]} 27. Qxe4# {[%clk 1:02:11]} 1-0

[Event "OOM-D14"]
[Site "?"]
[Date "2016.05.07"]
[Round "9.8"]
[White "Michalska, Aleksandra"]
[Black "Wolagiewicz, Kinga"]
[Result "1-0"]
[LiveChessVersion "1.4.6"]
[BlackElo "1397"]
[WhiteElo "1560"]

1. e4 {[%clk 1:30:58]} Nc6 {[%clk 1:30:45]} 2. d4 {[%clk 1:30:41]} d5
{[%clk 1:31:08]} 3. exd5 {[%clk 1:30:42]} Qxd5 {[%clk 1:31:29]} 4. c3
{[%clk 1:30:56]} Nf6 {[%clk 1:30:47]} 5. Nd2 {[%clk 1:28:28]} Bg4
{[%clk 1:29:18]} 6. Ngf3 {[%clk 1:27:47]} O-O-O {[%clk 1:26:10]} 7. Bc4
{[%clk 1:26:03]} Qh5 {[%clk 1:26:29]} 8. Qa4 {[%clk 1:18:43]} Nd5
{[%clk 1:19:20]} 9. Bxd5 {[%clk 1:16:12]} Qxd5 {[%clk 1:18:47]} 10. O-O
{[%clk 1:16:10]} Bxf3 {[%clk 1:17:11]} 11. Nxf3 {[%clk 1:16:33]} e6
{[%clk 1:16:30]} 12. Be3 {[%clk 1:12:24]} Be7 {[%clk 1:10:02]} 13. c4
{[%clk 1:10:11]} Qf5 {[%clk 1:10:02]} 14. c5 {[%clk 1:09:58]} h5 {[%clk 1:09:15]}
15. b4 {[%clk 1:09:06]} h4 {[%clk 0:53:56]} 16. b5 {[%clk 1:06:06]} h3
{[%clk 0:51:31]} 17. bxc6 {[%clk 1:03:55]} hxg2 {[%clk 0:51:56]} 18. cxb7+
{[%clk 1:03:21]} Kb8 {[%clk 0:52:11]} 19. Ne5 {[%clk 1:02:34]} gxf1=Q+
{[%clk 0:51:21]} 20. Rxf1 {[%clk 1:02:56]} Kxb7 {[%clk 0:48:19]} 21. Qc6+
{[%clk 1:03:14]} Kb8 {[%clk 0:48:35]} 22. Qb5+ {[%clk 1:02:50]} Ka8
{[%clk 0:48:28]} 23. Rb1 {[%clk 1:02:06]} Qe4 {[%clk 0:43:54]} 24. Nc6
{[%clk 1:02:27]} Qg6+ {[%clk 0:43:04]} 25. Kf1 {[%clk 1:02:47]} Qxb1+
{[%clk 0:42:30]} 26. Qxb1 {[%clk 1:03:11]} Rxh2 {[%clk 0:41:37]} 27. Qe4
{[%clk 1:03:17]} Rdh8 {[%clk 0:41:34]} 28. Nxe7+ {[%clk 1:03:36]} Kb8
{[%clk 0:41:58]} 29. Bf4 {[%clk 1:03:18]} Rh1+ {[%clk 0:42:09]} 30. Ke2
{[%clk 1:03:42]} Ra1 {[%clk 0:42:10]} 31. Qc2 {[%clk 1:02:50]} Rhh1
{[%clk 0:41:55]} 32. Qa4 {[%clk 1:01:12]} Rhe1+ {[%clk 0:41:45]} 33. Kf3
{[%clk 1:01:12]} Rad1 {[%clk 0:41:32]} 34. Qe8+ 1-0

[Event "OOM-D14"]
[Site "?"]
[Date "2016.05.07"]
[Round "9.9"]
[White "Orlik, Sandra"]
[Black "Nowicka, Julia"]
[Result "1-0"]
[LiveChessVersion "1.4.6"]
[BlackElo "1281"]
[WhiteElo "1451"]

1. d4 {[%clk 1:30:52]} d5 {[%clk 1:30:56]} 2. c4 {[%clk 1:31:06]} c6
{[%clk 1:31:23]} 3. e3 {[%clk 1:31:22]} Nf6 {[%clk 1:31:47]} 4. Nc3
{[%clk 1:31:11]} a6 {[%clk 1:31:41]} 5. f4 {[%clk 1:28:53]} b5 {[%clk 1:31:16]}
6. cxd5 {[%clk 1:28:38]} cxd5 {[%clk 1:31:34]} 7. b3 {[%clk 1:26:36]} e6
{[%clk 1:31:19]} 8. Nf3 {[%clk 1:26:30]} Bb7 {[%clk 1:30:16]} 9. Bd3
{[%clk 1:25:24]} Bb4 {[%clk 1:29:56]} 10. Bd2 {[%clk 1:25:35]} Nbd7
{[%clk 1:29:26]} 11. a3 {[%clk 1:24:54]} Bd6 {[%clk 1:29:24]} 12. O-O
{[%clk 1:22:20]} O-O {[%clk 1:29:47]} 13. Ne5 {[%clk 1:20:40]} Nb6
{[%clk 1:20:02]} 14. Rf3 {[%clk 1:17:31]} Bxe5 {[%clk 1:20:01]} 15. fxe5
{[%clk 1:17:37]} Ne4 {[%clk 1:20:19]} 16. Bxe4 {[%clk 1:16:40]} dxe4
{[%clk 1:20:42]} 17. Rh3 {[%clk 1:15:58]} Qg5 {[%clk 1:19:15]} 18. Rg3
{[%clk 1:14:12]} Qh4 {[%clk 1:19:33]} 19. Rg4 {[%clk 1:14:33]} Qh6
{[%clk 1:15:50]} 20. Nxe4 {[%clk 1:13:35]} Nd5 {[%clk 1:15:43]} 21. Qe2
{[%clk 1:08:07]} f5 {[%clk 1:15:00]} 22. exf6 {[%clk 1:08:29]} Nxf6
{[%clk 1:15:22]} 23. Nxf6+ {[%clk 1:08:44]} Rxf6 {[%clk 1:15:34]} 24. e4
{[%clk 1:09:00]} Qh5 {[%clk 1:15:23]} 25. Rxg7+ {[%clk 1:09:24]} Kxg7
{[%clk 1:15:35]} 26. Qxh5 {[%clk 1:09:49]} 1-0